Diplomové práce poslucháčov Katedry knihovníctva Filozofickej fakulty Univerzity Komenského v Bratislave za školský rok 1964/65

Bibliographic Details
Main Author: Vrablicová, Dagmar (Author)
Format: Article
Language:Slovak
Subjects:
Online Access:plný text

MARC

LEADER 00000nab a2200000 4500
001 vtls008694940
003 SK-MaSNL
005 20260305005308.0
008 041111 1966 xo r slo
015 |a SNBRRADKK190120XX 
035 |a CLAS02vtls000002200 
040 |a SNKNBURBDKK  |b slo  |c SNKNBURBDKK  |e AACR2 
041 0 |a slo 
044 |a xo  |c SK 
080 |a 014.3  |x (043)  |2 UDC-MRF-SK2 
100 1 |a Vrablicová, Dagmar  |4 aut  |9 320251 
245 1 0 |a Diplomové práce poslucháčov Katedry knihovníctva Filozofickej fakulty Univerzity Komenského v Bratislave za školský rok 1964/65  |c Dagmar Vrablicová, prom. fil. 
500 |a Rubrika: Diplomové práce 
520 3 |a Súpis diplomových prác je rozdelený na oblasti: Dejiny a organizácia knihovníctva. Dejiny knihy, písma a tlače; Katalógy. Katalogizácia. Špeciálne fondy; Knižničné fondy. Budovanie a vybavenie knižníc; Bibliografia; Teória informácií. VTEI; Teória a metódy výchovy čitateľa 
650 0 7 |a súpisy  |x diplomové práce  |z Bratislava (Slovensko)  |y 1964-1965  |2 SNKNBURBDKK  |9 1584000 
773 0 |t Knižničný sborník 1966 2  |d Martin: Matica slovenská, 1966, s. 102-110 
856 4 1 |u http://www.viks.sk/dkk/KS662_102_110.doc  |y plný text 
910 |a bdkk  |a memoriask 
999 |c 3239613  |d 3241543